<?xml version="1.0" encoding="UTF-8"?>
<record
    xmlns:xsi="http://www.w3.org/2001/XMLSchema-instance"
    xsi:schemaLocation="http://www.loc.gov/MARC21/slim http://www.loc.gov/standards/marcxml/schema/MARC21slim.xsd"
    xmlns="http://www.loc.gov/MARC21/slim">

  <leader>02529nam a2200313 a 4500</leader>
  <controlfield tag="003">DO-SdBNP</controlfield>
  <controlfield tag="005">20240410073848.0</controlfield>
  <controlfield tag="007">ta</controlfield>
  <controlfield tag="008">210907b2010    dr a|||| |||| 00| 0 spa d</controlfield>
  <datafield tag="020" ind1=" " ind2=" ">
    <subfield code="a">9789993427155</subfield>
  </datafield>
  <datafield tag="040" ind1=" " ind2=" ">
    <subfield code="a">DO-SdBNP</subfield>
    <subfield code="b">spa</subfield>
    <subfield code="c">BNPHU</subfield>
  </datafield>
  <datafield tag="082" ind1=" " ind2="4">
    <subfield code="a">972.93053</subfield>
    <subfield code="b">V422d 2010</subfield>
    <subfield code="2">22</subfield>
  </datafield>
  <datafield tag="100" ind1="1" ind2=" ">
    <subfield code="a">Vega, Bernardo,</subfield>
    <subfield code="d">1938 -</subfield>
    <subfield code="9">3222</subfield>
  </datafield>
  <datafield tag="245" ind1="1" ind2="0">
    <subfield code="a">Desiderio Arias y Trujillo se escriben /</subfield>
    <subfield code="c">Bernardo Vega.</subfield>
  </datafield>
  <datafield tag="250" ind1=" " ind2=" ">
    <subfield code="a">2da. ed. </subfield>
  </datafield>
  <datafield tag="260" ind1=" " ind2=" ">
    <subfield code="a">Santo Domingo :</subfield>
    <subfield code="b">Fundaci&#xF3;n Cultural Dominicana,</subfield>
    <subfield code="c">2010.</subfield>
  </datafield>
  <datafield tag="300" ind1=" " ind2=" ">
    <subfield code="a">346 p. :</subfield>
    <subfield code="b">il., retrs. ;</subfield>
    <subfield code="c">23 cm.</subfield>
  </datafield>
  <datafield tag="500" ind1=" " ind2=" ">
    <subfield code="a">Incluye &#xED;ndice onom&#xE1;stico.</subfield>
  </datafield>
  <datafield tag="500" ind1=" " ind2=" ">
    <subfield code="a">Incluye datos biogr&#xE1;ficos del autor en la solapa de la cubierta.</subfield>
  </datafield>
  <datafield tag="504" ind1=" " ind2=" ">
    <subfield code="a">Bibliograf&#xED;a: p. 331-334.</subfield>
  </datafield>
  <datafield tag="505" ind1="0" ind2=" ">
    <subfield code="t">Introducci&#xF3;n --</subfield>
    <subfield code="t">Principales personalidades envueltas --</subfield>
    <subfield code="t">&#xBF;Qui&#xE9;n era Desiderio Arias? --</subfield>
    <subfield code="t">Su papel en el golpe de Estado del 23 de febrero de 1930 --</subfield>
    <subfield code="t">El 23 de febrero --</subfield>
    <subfield code="t">Trujillo en licencia y Sim&#xF3;n D&#xED;az jefe del ejercito --</subfield>
    <subfield code="t">La candidatura de Trujillo --</subfield>
    <subfield code="t">Arias pacta con Trujillo --</subfield>
    <subfield code="t">Desiderio apoya a Trujillo</subfield>
    <subfield code="t">Desiderio negocia con los horacista--</subfield>
    <subfield code="t">Su distanciamiento de Trujillo en los &#xFA;ltimos meses de 1930 --</subfield>
    <subfield code="t">El primer levantamiento de Desiderio --</subfield>
    <subfield code="t">La reuni&#xF3;n entre Trujillo y Desiderio Arias --</subfield>
    <subfield code="t">La etapa entre el abrazo en Mao y la segunda revuelta de Desiderio --</subfield>
    <subfield code="t">El segundo levantamiento de Desiderio Arias y su muerte --</subfield>
    <subfield code="t">Las consecuencias de la muerte de Desiderio Arias --</subfield>
    <subfield code="t">Lo que le pas&#xF3; a las principales personalidades --</subfield>
    <subfield code="t">Conclusiones --</subfield>
    <subfield code="g">Anexos :</subfield>
    <subfield code="t">I.- Carta de Juan B. P&#xE9;rez Rancier desde Canad&#xE1;, a finales de 1931, a los tambi&#xE9;n exiliados Federico Vel&#xE1;zquez, Rafael Estrella Ure&#xF1;a y &#xC1;ngel Morales --</subfield>
    <subfield code="t">II.- Carta de Juan B. P&#xE9;rez Rancier al presidente F. D. Roosevelt, del 30 de octubre de 1933, desde Santa Cruz de Tenerife --</subfield>
    <subfield code="t">III.- Correspondencia entre Rafael Trujillo y Sim&#xF3;n D&#xED;az, del 26 de agosto del 1923 y 4 de octubre de 1929 --</subfield>
    <subfield code="t">IV.- Cartas de "Piro" Estrella a Trujillo de septiembre y octubre de 1930, despu&#xE9;s de su recopilaci&#xF3;n --</subfield>
    <subfield code="t">Llamadas --</subfield>
    <subfield code="t">Bibliograf&#xED;a y archivos --</subfield>
    <subfield code="t">&#xCD;ndice onom&#xE1;stico.</subfield>
  </datafield>
  <datafield tag="590" ind1=" " ind2=" ">
    <subfield code="a">Inventariado, 2021 /LP
</subfield>
  </datafield>
  <datafield tag="600" ind1="1" ind2="4">
    <subfield code="a">ARIAS, DESIDERIO,</subfield>
    <subfield code="d">1872-1931</subfield>
    <subfield code="x">CORRESPONDENCIA, MEMORIAS, ETC.</subfield>
    <subfield code="9">33215</subfield>
  </datafield>
  <datafield tag="600" ind1="1" ind2="0">
    <subfield code="a">Trujillo Molina, Rafael  Le&#xF3;nidas, </subfield>
    <subfield code="d">1891-1961</subfield>
    <subfield code="v">Correspondencias, memorias, etc. </subfield>
    <subfield code="9">54950</subfield>
  </datafield>
  <datafield tag="650" ind1=" " ind2="4">
    <subfield code="a">Conflictos pol&#xED;ticos</subfield>
    <subfield code="z">Rep&#xFA;blica Dominicana</subfield>
    <subfield code="x">Historia</subfield>
    <subfield code="9">33216</subfield>
  </datafield>
  <datafield tag="651" ind1=" " ind2="0">
    <subfield code="a">Rep&#xFA;blica Dominicana --</subfield>
    <subfield code="x">Historia --</subfield>
    <subfield code="y">1844-1930</subfield>
    <subfield code="9">1009</subfield>
  </datafield>
  <datafield tag="910" ind1=" " ind2=" ">
    <subfield code="a">Lop&#xE9;rez.Validado MFF</subfield>
  </datafield>
  <datafield tag="942" ind1=" " ind2=" ">
    <subfield code="2">ddc</subfield>
    <subfield code="c">LBS1</subfield>
  </datafield>
  <datafield tag="952" ind1=" " ind2=" ">
    <subfield code="0">0</subfield>
    <subfield code="1">0</subfield>
    <subfield code="2">ddc</subfield>
    <subfield code="5">1</subfield>
    <subfield code="7">0</subfield>
    <subfield code="8">PD</subfield>
    <subfield code="a">BNPHU</subfield>
    <subfield code="b">PD</subfield>
    <subfield code="c">HD</subfield>
    <subfield code="d">2021-09-07</subfield>
    <subfield code="e">Compra</subfield>
    <subfield code="l">0</subfield>
    <subfield code="o">BNPHU PD 972.93053 V422d 2010</subfield>
    <subfield code="p">2021-26202</subfield>
    <subfield code="r">2021-09-07</subfield>
    <subfield code="w">2021-09-07</subfield>
    <subfield code="y">LFPD</subfield>
  </datafield>
  <datafield tag="952" ind1=" " ind2=" ">
    <subfield code="0">0</subfield>
    <subfield code="1">0</subfield>
    <subfield code="2">ddc</subfield>
    <subfield code="5">1</subfield>
    <subfield code="7">0</subfield>
    <subfield code="8">PD</subfield>
    <subfield code="a">BNPHU</subfield>
    <subfield code="b">PD</subfield>
    <subfield code="c">HD</subfield>
    <subfield code="d">2021-09-07</subfield>
    <subfield code="e">Compra</subfield>
    <subfield code="l">0</subfield>
    <subfield code="o">BNPHU PD 972.93053 V422d 2010</subfield>
    <subfield code="p">2021-26203</subfield>
    <subfield code="r">2021-09-07</subfield>
    <subfield code="t">e.2</subfield>
    <subfield code="w">2021-09-07</subfield>
    <subfield code="y">LFPD</subfield>
  </datafield>
  <datafield tag="952" ind1=" " ind2=" ">
    <subfield code="0">0</subfield>
    <subfield code="1">0</subfield>
    <subfield code="2">ddc</subfield>
    <subfield code="5">6</subfield>
    <subfield code="7">0</subfield>
    <subfield code="8">DS</subfield>
    <subfield code="a">BNPHU</subfield>
    <subfield code="b">DO</subfield>
    <subfield code="c">HD</subfield>
    <subfield code="d">2021-09-07</subfield>
    <subfield code="e">Compra</subfield>
    <subfield code="l">0</subfield>
    <subfield code="o">BNPHU DS 972.93053 V422d 2010</subfield>
    <subfield code="p">2021-26204</subfield>
    <subfield code="r">2021-09-07</subfield>
    <subfield code="t">e.3</subfield>
    <subfield code="w">2021-09-07</subfield>
    <subfield code="y">LFDS</subfield>
  </datafield>
  <datafield tag="999" ind1=" " ind2=" ">
    <subfield code="c">50442</subfield>
    <subfield code="d">50442</subfield>
  </datafield>
</record>
